Depreciation delusion (Record no. 78976)

MARC details
000 -LEADER
fixed length control field 01093cab a22001935a 4500
001 - CONTROL NUMBER
control field L138728
008 - FIXED-LENGTH DATA ELEMENTS--GENERAL INFORMATION
fixed length control field 070705e20070630xxk f 000 0 eng d
035 ## - SYSTEM CONTROL NUMBER
System control number (Sirsi) u138728
041 0# - LANGUAGE CODE
Language code of text/sound track or separate title eng
100 1# - MAIN ENTRY--PERSONAL NAME
Personal name McIntosh, Angus
245 00 - TITLE STATEMENT
Title Depreciation delusion
260 ## - PUBLICATION, DISTRIBUTION, ETC.
Date of publication, distribution, etc. 2007
490 ## - SERIES STATEMENT
Series statement Estates Gazette
Volume/sequential designation (0726) 30 June 2007, 154-156(3)
520 ## - SUMMARY, ETC.
Summary, etc. Examines how costs related to the need for sustainability will affect property investment. The valuing sustainable investment risk is applied through social cost benefit analysis, natural capitalism and population growth, and private investment appraisal. Investments analysis is detailed, and for the past 35 years shows the real rate of return to be 5.8% on UK commercial property. There may be adverse effects on the net present value of properties. Core value-added investments are most at risk. Core and opportunistic investments are not currently considered vulnerable.
590 ## - LOCAL NOTE (RLIN)
Local note KA
651 #4 - SUBJECT ADDED ENTRY--GEOGRAPHIC NAME
Geographic name England and Wales
Chronological subdivision 1543-
690 ## - LOCAL SUBJECT ADDED ENTRY--TOPICAL TERM (OCLC, RLIN)
Topical term or geographic name as entry element PROPERTY-PROPERTY FINANCE AND INVESTMENT-PROPERTY INVESTMENT APPRAISAL
942 ## - ADDED ENTRY ELEMENTS (KOHA)
Suppress in OPAC 0
Holdings
Withdrawn status Lost status Source of classification or shelving scheme Damaged status Not for loan Home library Current library Shelving location Date acquired Total Checkouts Full call number Barcode Date last seen Copy number Price effective from Koha item type
    Dewey Decimal Classification     London London Journal article 05/07/2007   L138728 138728-1001 06/08/2019 1 06/08/2019 Journal article